Fish boy / (Record no. 6970)
[ view plain ]
| 000 -LEADER | |
|---|---|
| fixed length control field | 01958nam a22002897a 4500 |
| 001 - CONTROL NUMBER | |
| control field | 6970 |
| 003 - CONTROL NUMBER IDENTIFIER | |
| control field | FISKH |
| 005 - DATE AND TIME OF LATEST TRANSACTION | |
| control field | 20250612111518.0 |
| 008 - FIXED-LENGTH DATA ELEMENTS--GENERAL INFORMATION | |
| fixed length control field | 250612b cb ||||| |||| 00| 0 eng d |
| 020 ## - INTERNATIONAL STANDARD BOOK NUMBER | |
| International Standard Book Number | 9781338060522 |
| 040 ## - CATALOGING SOURCE | |
| Original cataloging agency | FISKH |
| Language of cataloging | eng |
| Transcribing agency | FISKH |
| Modifying agency | FISKH |
| 050 ## - LIBRARY OF CONGRESS CALL NUMBER | |
| Classification number | PS3561.I4873 .H544 |
| 082 ## - DEWEY DECIMAL CLASSIFICATION NUMBER | |
| Classification number | 813.6 |
| 100 ## - MAIN ENTRY--PERSONAL NAME | |
| Personal name | Higgins, M.G. |
| 245 ## - TITLE STATEMENT | |
| Title | Fish boy / |
| Statement of responsibility, etc. | By M. G. Higgins |
| 260 ## - PUBLICATION, DISTRIBUTION, ETC. | |
| Place of publication, distribution, etc. | New York : |
| Name of publisher, distributor, etc. | Scholastic , |
| Date of publication, distribution, etc. | 2015. |
| 300 ## - PHYSICAL DESCRIPTION | |
| Extent | 68 pages : |
| Other physical details | illustrations ; |
| Dimensions | 20 cm . |
| 490 ## - SERIES STATEMENT | |
| Series statement | Red Rhino Books |
| 505 ## - FORMATTED CONTENTS NOTE | |
| Formatted contents note | D <br/> |
| 520 ## - SUMMARY, ETC. | |
| Summary, etc. | Themes: Courage, Family Bonds, Fiction, Tween, Emergent Reader, Chapter Book, Hi-Lo, Hi-Lo Books, Hi-Lo Solutions, High-Low Books, Hi-Low Books, ELL, EL, ESL, Struggling Learner, Struggling Reader, Special Education, SPED, Newcomers, Reading, Learning, Education, Educational, Educational Books. Danny's family is full of superheroes. His mom is Stunner. His dad, Raven. And his sister, Marta, Vanish. Each has their own gift. Danny is Fish Boy. But in landlocked Arizona, there is not a lot of need for a superhero with amazing water talents. Then Danny overhears a secret plot that will endanger thousands of people. Will anyone believe his story? This series of short novels was designed to engage a broad spectrum of struggling readers. No longer will upper-elementary students have to read material junior to their maturity and interests. Characters are age appropriate and come from diverse cultures and backgrounds. Science ficion, sports, paranormal, realistic life, historical fiction, and fantasy are just a few of the many genres. Books are no higher than a 1.5 reading level, with illustrations on every spread that support visual literacy and draw kids into the text. Each book is around 70 pages. |
| 521 8# - TARGET AUDIENCE NOTE | |
| Target audience note | 160 <br/> |
| Source | Lexile <br/> |
| 521 8# - TARGET AUDIENCE NOTE | |
| Target audience note | D <br/> |
| Source | Raz-Plus <br/> |
| 650 ## - SUBJECT ADDED ENTRY--TOPICAL TERM | |
| Topical term or geographic name entry element | Red Rhino Set |
| Form subdivision | Fiction |
| 650 ## - SUBJECT ADDED ENTRY--TOPICAL TERM | |
| Topical term or geographic name entry element | From goodreads |
| Form subdivision | Fiction |
| 942 ## - ADDED ENTRY ELEMENTS (KOHA) | |
| Source of classification or shelving scheme | Dewey Decimal Classification |
| Koha item type | Books |
| Suppress in OPAC | No |
| Withdrawn status | Lost status | Source of classification or shelving scheme | Damaged status | Not for loan | Collection | Home library | Current library | Shelving location | Date acquired | Total Checkouts | Full call number | Barcode | Date last seen | Price effective from | Koha item type |
|---|---|---|---|---|---|---|---|---|---|---|---|---|---|---|---|
| Dewey Decimal Classification | Juvenile Fiction | Footprints International School Library Network Toul Tom Poung Campus | Footprints International School Library Network Toul Tom Poung Campus | TTP Primary Green Bookshelves | 06/12/2025 | HIG 813.6 PS3561.I4873 .H544 | 2025-1599 | 06/12/2025 | 06/12/2025 | Books |
